[Event "TUR Cup"]
[Site "Antalya"]
[Date "2020.01.29"]
[Round "5"]
[White "Selvi, Kaan"]
[Black "Aydin, Ataberk"]
[Result "1-0"]
[WhiteElo "1907"]
[BlackElo "1283"]
[PlyCount "65"]
[EventDate "2020.01.26"]
[EventType "swiss"]
[EventRounds "11"]
[EventCountry "TUR"]
[SourceTitle "CBM 194 Extra"]
[Source "ChessBase"]
[SourceDate "2020.03.31"]
[SourceVersion "1"]
[SourceVersionDate "2020.03.31"]
[SourceQuality "1"]

1. Nf3 d5 2. d4 e6 3. Bg5 Be7 4. Bxe7 Qxe7 5. c3 c5 6. e3 Nf6 7. Nbd2 0-0 8. Bd3 Nc6 9. 0-0 b6 10. Ne5 Nxe5 11. dxe5 Nd7 12. f4 f5 13. exf6 Nxf6 14. e4 Bb7 15. e5 Nd7 16. Qg4 c4 17. Bc2 Rae8 18. Nf3 g6 19. h4 Kh8 20. h5 gxh5 21. Qxh5 Qf7 22. Qh3 Re7 23. Ng5 Qg8 24. Rae1 b5 25. Re3 Rfe8 26. Qh5 Rc8 27. Rg3 Nf8 28. f5 exf5 29. Rxf5 Rcc7 30. e6 Nxe6 31. Nxe6 Qxg3 32. Rf8+ Qg8 33. Qe5+ 1-0

[Event "TUR Cup"]
[Site "Antalya"]
[Date "2019.02.03"]
[Round "11"]
[White "Aydin, Ataberk"]
[Black "Capan, Ferman"]
[Result "1/2-1/2"]
[WhiteElo "1389"]
[BlackElo "1713"]
[PlyCount "49"]
[EventDate "2019.01.27"]
[EventType "swiss"]
[EventRounds "11"]
[EventCountry "TUR"]
[SourceTitle "CBM 188 Extra"]
[Source "ChessBase"]
[SourceDate "2019.02.26"]
[SourceVersion "1"]
[SourceVersionDate "2019.02.26"]
[SourceQuality "1"]

1. e4 c5 2. Nc3 e6 3. f4 Nc6 4. Nf3 g6 5. Bc4 Nge7 6. d3 d5 7. Bb3 Bg7 8. 0-0 a5 9. a4 0-0 10. Qe1 Nd4 11. Nxd4 Bxd4+ 12. Kh1 b6 13. e5 Bxc3 14. bxc3 Bb7 15. Kg1 Rc8 16. c4 d4 17. c3 Qd7 18. Bb2 Nf5 19. Rf2 Rfd8 20. Rd1 Qe7 21. cxd4 Nxd4 22. Bxd4 Rxd4 23. Bc2 Qd7 24. Rb1 Qc6 25. Qe3 1/2-1/2